000 00516cam a2200205ua 4500
020 _cRs.700/-
041 _aeng
_h
082 _a631.587
_bGAU/PA
100 _aGowtham, v.s .
245 _aParticipatory Irrigation managenment /
_cGowtham V.S.
_hTextual Documents
260 _aUdaipur :
_bATTPA ,
_c2008.
300 _a248 ;
_e`.
365 _aRs.700/-
504 _a
700 1 _akumar Abhay, .
700 1 _aSingh, A.K .
700 1 _aSukla, A.k .
942 _cBK
999 _c13076
_d13076